[Event "XIV American Continental"]
[Site "Sao Paulo BRA"]
[Date "2019.07.09"]
[Round "7.1"]
[White "Pichot, Alan"]
[Black "Perez Ponsa, Federico"]
[Result "1/2-1/2"]
[WhiteElo "2579"]
[BlackElo "2560"]
[EventDate "2019.07.05"]
[PlyCount "78"]
[EventRounds "11"]
[EventCountry "BRA"]

1.e4 e5 2.Nf3 Nc6 3.Bb5 a6 4.Ba4 Nf6 5.O-O Be7 6.Re1 b5 7.Bb3 O-O 8.a4 b4 
9.a5 d6 10.d3 Be6 11.Bxe6 fxe6 12.c3 Rb8 13.Nbd2 Nd7 14.d4 bxc3 15.bxc3 
Qc8 16.Nc4 Rb5 17.dxe5 Ndxe5 18.Ncxe5 dxe5 19.c4 Rb8 20.Bd2 Qe8 21.Bc3 Bc5
22.Ra2 Rd8 23.Rd2 Rxd2 24.Qxd2 Qe7 25.Rd1 Rd8 26.Qe1 Rxd1 27.Qxd1 Bd4 28.
Qa4 Qd6 29.Be1 h6 30.h4 Bc5 31.Bc3 Bd4 32.Bd2 Bc5 33.h5 Kh7 34.Bc3 Bd4 35.
Be1 Bc5 36.Nh4 Ne7 37.Qc2 Ng8 38.Bc3 Nf6 39.Qe2 Bd4 1/2-1/2

[Event "XIV American Continental"]
[Site "Sao Paulo BRA"]
[Date "2019.07.09"]
[Round "7.6"]
[White "Santiago, Yago de Moura"]
[Black "Mieles Palau, Daniel"]
[Result "1-0"]
[WhiteElo "2473"]
[BlackElo "2359"]
[EventDate "2019.07.05"]
[PlyCount "227"]
[EventRounds "11"]
[EventCountry "BRA"]

1.c4 e6 2.d4 d5 3.Nc3 Nf6 4.e3 a6 5.Nf3 dxc4 6.Bxc4 b5 7.Bb3 Bb7 8.O-O c5 
9.Qe2 Nbd7 10.Rd1 Qc7 11.e4 cxd4 12.Nxd4 b4 13.Nd5 exd5 14.exd5+ Qe5 15.
Qxe5+ Nxe5 16.Re1 Bd6 17.Nf5 O-O-O 18.Nxd6+ Rxd6 19.Bf4 Nfd7 20.Rac1+ Kd8 
21.Bxe5 Nxe5 22.Rxe5 Re8 23.f4 f6 24.Rxe8+ Kxe8 25.Kf2 Kd7 26.Rc5 Rb6 27.
Ke3 Kd6 28.Kd4 Rb5 29.Rxb5 axb5 30.a3 bxa3 31.bxa3 f5 32.g3 g6 33.Ba2 Ba8 
34.Bb3 Bb7 35.h3 h5 36.Ba2 Ba8 37.Bb3 Bb7 38.Ba2 Ba8 39.Bb1 Bxd5 40.Bd3 
Bc6 41.Be2 Bd7 42.Bf3 Be6 43.Bg2 Bf7 44.Bf3 Be6 45.Bb7 Bf7 46.Ba6 Be8 47.
Kc3 Kc5 48.Bc8 Bc6 49.Be6 Bg2 50.Bf7 Bxh3 51.Bxg6 Bg4 52.Bf7 Bf3 53.Be6 
Bg4 54.Bd7 Bh3 55.Be8 Bg4 56.Bg6 Kd5 57.Kd3 Kc5 58.Bf7 Bf3 59.Bb3 Bg4 60.
Bc2 Kd5 61.Ke3 Kc4 62.Bd3+ Kc5 63.Bf1 Bd1 64.Kd2 Bf3 65.Kc3 Bd1 66.Bd3 Bg4
67.Bc2 Bh3 68.Bb1 Bg4 69.Ba2 Bf3 70.Bf7 Bg4 71.Kd3 Bf3 72.Ke3 Bg4 73.Bg8 
Bh3 74.Bb3 Bg4 75.Kd3 Bf3 76.Bf7 Bg4 77.Bg6 Kd5 78.Be8 Kc5 79.Bd7 Bh3 80.
Bc8 Bg4 81.Kc3 Bh3 82.Bb7 Bg4 83.Bg2 Be2 84.Kd2 Bg4 85.Kd3 Bd1 86.Bf1 Bf3 
87.Kd2 Bg4 88.Ke3 Bd1 89.Bh3 Bg4 90.Bf1 Bd1 91.Kd3 Bf3 92.Ke3 Bd1 93.Kf2 
b4 94.axb4+ Kxb4 95.Ke3 Kc3 96.Bb5 Bg4 97.Ba6 Bd1 98.Bc8 Bg4 99.Be6 Bh3 
100.Bf7 Bg4 101.Be6 Bh3 102.Bf7 Bg4 103.Bd5 Bh3 104.Ba2 Bg4 105.Bf7 Bd1 
106.Bg8 Bg4 107.Bd5 Bh3 108.Bf3 Bg4 109.Be2 Bxe2 110.Kxe2 Kd4 111.Kf3 Kd3 
112.Kg2 h4 113.gxh4 Ke4 114.h5 1-0

[Event "XIV American Continental"]
[Site "Sao Paulo BRA"]
[Date "2019.07.09"]
[Round "7.12"]
[White "Santos, Marcus Vinicius Moreira"]
[Black "Vazquez Colman, Guillermo"]
[Result "1/2-1/2"]
[WhiteElo "2354"]
[BlackElo "2483"]
[EventDate "2019.07.05"]
[PlyCount "89"]
[EventRounds "11"]
[EventCountry "BRA"]

1.d4 Nf6 2.c4 e6 3.Nc3 Bb4 4.e3 O-O 5.Ne2 c6 6.a3 Ba5 7.Qc2 d5 8.Ng3 Nbd7 
9.Be2 dxc4 10.Bxc4 e5 11.O-O exd4 12.exd4 Bc7 13.Ba2 Nb6 14.Re1 Be6 15.Bb1
Re8 16.Be3 Nbd5 17.Bd2 Qd6 18.Re5 g6 19.Bg5 Bd7 20.Rxe8+ Rxe8 21.Ba2 b5 
22.Bxd5 Nxd5 23.Nce4 Qf8 24.Nc5 Bxg3 25.hxg3 Bf5 26.Qd2 f6 27.Bh6 Qe7 28.
Be3 Kf7 29.Re1 Qd6 30.Nb7 Qc7 31.Nc5 h5 32.Qc1 g5 33.Bd2 Rg8 34.Na6 Qc8 
35.Nb4 Nxb4 36.Bxb4 Re8 37.Rxe8 Qxe8 38.Qc5 Kg6 39.Qxa7 Be4 40.Be7 Bd5 41.
Qc7 Kf7 42.Bd8+ Kg6 43.Be7 Kf7 44.Bb4+ Kg6 45.Be7 1/2-1/2

[Event "XIV American Continental"]
[Site "Sao Paulo BRA"]
[Date "2019.07.09"]
[Round "7.25"]
[White "Aguilar, Luis Miguel"]
[Black "Languidey, Simon Alejandro"]
[Result "0-1"]
[WhiteElo "2175"]
[BlackElo "2427"]
[EventDate "2019.07.05"]
[PlyCount "60"]
[EventRounds "11"]
[EventCountry "BRA"]

1.g3 Nf6 2.Bg2 d5 3.c4 e6 4.Nf3 Nbd7 5.cxd5 exd5 6.O-O Be7 7.b3 O-O 8.Bb2 
a5 9.a3 Nc5 10.d3 h6 11.Nbd2 Bf5 12.Qc2 Ne6 13.Nd4 Nxd4 14.Bxd4 c6 15.Qc3 
Qd7 16.b4 a4 17.Rfe1 Rfe8 18.Rac1 Bh3 19.Bh1 Ng4 20.e4 dxe4 21.dxe4 Rad8 
22.Nf3 Qe6 23.Qc2 Bd6 24.Bb2 Bc7 25.Nd4 Qg6 26.Nf5 Bb6 27.Re2 Qg5 28.Qc3 
Nxf2 29.Rxf2 Rd2 30.Bg2 Bxf2+ 0-1

[Event "XIV American Continental"]
[Site "Sao Paulo BRA"]
[Date "2019.07.09"]
[Round "7.26"]
[White "Palacio, Igor da Paz"]
[Black "Umetsubo, Cesar Hidemitsu"]
[Result "1-0"]
[WhiteElo "2098"]
[BlackElo "2406"]
[EventDate "2019.07.05"]
[PlyCount "111"]
[EventRounds "11"]
[EventCountry "BRA"]

1.Nf3 Nf6 2.g3 d5 3.Bg2 Bf5 4.d3 h6 5.Nbd2 e6 6.O-O Be7 7.c4 c6 8.b3 O-O 
9.Bb2 Nbd7 10.Re1 Bh7 11.a3 a5 12.Rc1 Bd6 13.Qc2 Qe7 14.Ra1 e5 15.e4 dxe4 
16.dxe4 Rfd8 17.Nh4 Bc5 18.Nf5 Qf8 19.Re2 Bxf5 20.exf5 Bd4 21.Nf3 c5 22.
Nxe5 Nxe5 23.Bxd4 cxd4 24.Rxe5 Qd6 25.Rb5 d3 26.Qd2 Qd4 27.Rd1 a4 28.b4 
Qxc4 29.Rc5 Qd4 30.Rc3 Ne4 31.Bxe4 Qxe4 32.Rxd3 Re8 33.f6 g5 34.h4 Qf5 35.
hxg5 hxg5 36.Rd5 Re5 37.Rxe5 Qxe5 38.Qd4 Qxd4 39.Rxd4 Rc8 40.Rd5 Rc3 41.
Rxg5+ Kh8 42.Rg7 Rc7 43.Kg2 b5 44.Rg5 Rc3 45.Rxb5 Rxa3 46.Rb7 Kg8 47.Ra7 
Ra1 48.b5 a3 49.b6 a2 50.b7 Rb1 51.Rxa2 Rxb7 52.Ra5 Rb6 53.Rg5+ Kh8 54.
Rh5+ Kg8 55.Rh6 Kf8 56.Rh8# 1-0

[Event "XIV American Continental"]
[Site "Sao Paulo BRA"]
[Date "2019.07.09"]
[Round "7.27"]
[White "Fernandez Reyes, Lisandro"]
[Black "Federzoni, Enzo"]
[Result "1-0"]
[WhiteElo "2378"]
[BlackElo "2140"]
[EventDate "2019.07.05"]
[PlyCount "53"]
[EventRounds "11"]
[EventCountry "BRA"]

1.Nf3 c5 2.b3 Nf6 3.Bb2 g6 4.g3 Bg7 5.d3 O-O 6.Bg2 Nc6 7.O-O d5 8.Nbd2 b6 
9.Re1 Bb7 10.e4 dxe4 11.dxe4 Qc7 12.e5 Ng4 13.h3 Nh6 14.Qe2 Rfd8 15.Ne4 b5
16.Ned2 Nf5 17.a4 b4 18.Nc4 Ncd4 19.Bxd4 cxd4 20.Nxd4 Rxd4 21.Bxb7 Qxb7 
22.Rad1 Rad8 23.Rxd4 Rxd4 24.Rd1 Bxe5 25.Nxe5 Re4 26.Qf3 f6 27.Kg2 1-0

[Event "XIV American Continental"]
[Site "Sao Paulo BRA"]
[Date "2019.07.09"]
[Round "7.28"]
[White "Araujo, Sergio Murilo"]
[Black "Duran Vega, Sergio"]
[Result "0-1"]
[WhiteElo "2090"]
[BlackElo "2364"]
[EventDate "2019.07.05"]
[PlyCount "70"]
[EventRounds "11"]
[EventCountry "BRA"]

1.d4 Nf6 2.c4 e6 3.Nc3 Bb4 4.e3 O-O 5.Ne2 d5 6.cxd5 exd5 7.g3 Re8 8.Bg2 c6
9.O-O Nbd7 10.Qb3 Bf8 11.Bd2 Nb6 12.Rad1 Bf5 13.Bc1 Qd7 14.Rfe1 Nc4 15.a4 
h5 16.Nf4 Na5 17.Qa2 Bc2 18.Rd2 Bb3 19.Qb1 Nc4 20.Rde2 Nd6 21.Bh3 Qc7 22.
Nd3 Bc4 23.b3 Ba6 24.Bb2 h4 25.Rc1 Nde4 26.g4 Ng5 27.Kg2 Nxh3 28.Kxh3 Nxg4
29.f4 Nxe3 30.Rg1 Qd7+ 31.Kxh4 Nf5+ 32.Kh5 g6+ 33.Kg5 Qd8+ 34.Kg4 Qh4+ 35.
Kf3 Nxd4+ 0-1

[Event "XIV American Continental"]
[Site "Sao Paulo BRA"]
[Date "2019.07.09"]
[Round "7.29"]
[White "Montero Martinez, Cristhian"]
[Black "Della Morte, German"]
[Result "0-1"]
[WhiteElo "1991"]
[BlackElo "2359"]
[EventDate "2019.07.05"]
[PlyCount "90"]
[EventRounds "11"]
[EventCountry "BRA"]

1.d4 Nf6 2.Bf4 g6 3.Nf3 Bg7 4.Nc3 d5 5.Ne5 c5 6.e3 O-O 7.dxc5 Qa5 8.Qd2 
Qxc5 9.O-O-O Be6 10.f3 Nh5 11.Nd3 Qa5 12.Be5 Nf6 13.Nf4 Nc6 14.Bxf6 Bxf6 
15.Ncxd5 Qxa2 16.Nxf6+ exf6 17.Qc3 Ne5 18.Nxe6 Qxe6 19.Kb1 Rac8 20.Qa3 Qc6
21.Qb3 a5 22.Rd4 Qc7 23.Bb5 Qe7 24.Rhd1 Rc7 25.e4 h5 26.Rd5 Kg7 27.Qa4 
Rfc8 28.c3 Ra8 29.Qd4 a4 30.f4 Nc6 31.Bxc6 bxc6 32.Rd6 a3 33.e5 fxe5 34.
fxe5 axb2 35.e6+ Kh7 36.Kxb2 Rb7+ 37.Kc2 Ra2+ 38.Kd3 fxe6 39.Rd8 e5 40.Qd6
e4+ 41.Kd4 Rxg2 42.Qxe7+ Rxe7 43.Kc5 Rxh2 44.Kxc6 Rc2 45.Kd6 Rf7 0-1

[Event "XIV American Continental"]
[Site "Sao Paulo BRA"]
[Date "2019.07.09"]
[Round "7.30"]
[White "Rodi, Luis Ernesto"]
[Black "Acosta, Pablo Alejandro"]
[Result "0-1"]
[WhiteElo "2343"]
[BlackElo "1992"]
[EventDate "2019.07.05"]
[PlyCount "108"]
[EventRounds "11"]
[EventCountry "BRA"]

1.e4 e6 2.d4 d5 3.Nd2 Nf6 4.e5 Nfd7 5.c3 c5 6.Bd3 b6 7.Qe2 cxd4 8.cxd4 Nc6
9.Ndf3 Nb4 10.Bg5 Qc7 11.Rc1 Nxd3+ 12.Qxd3 Bb4+ 13.Kd1 Qb8 14.Qb3 Bf8 15.
Ne2 a6 16.Bd2 a5 17.Nc3 Be7 18.g4 O-O 19.g5 h5 20.Rg1 g6 21.Ne1 a4 22.Nxa4
b5 23.Nc3 b4 24.Ne2 Ba6 25.Nf4 Qb6 26.Nc2 Kg7 27.Qf3 Bb5 28.Nxh5+ gxh5 29.
g6 f5 30.Bh6+ Kxh6 31.g7 Bg5 32.Rxg5 Kxg5 33.Kd2 Nxe5 34.Rg1+ Ng4 35.
gxf8=Q Rxf8 36.h3 Qd6 37.Qe3+ f4 38.Qf3 Ra8 39.hxg4 h4 40.Re1 b3 41.Re5+ 
Qxe5 42.dxe5 bxc2 43.Kxc2 Rxa2 44.Kb1 Ra4 45.Qb3 Ra5 46.f3 h3 47.Qb4 Bd3+ 
48.Kc1 Ra7 49.Qb8 Ra1+ 50.Kd2 Kh4 51.Qf8 Kg3 52.Kxd3 h2 53.g5 h1=Q 54.Kd4 
Qf1 0-1

[Event "XIV American Continental"]
[Site "Sao Paulo BRA"]
[Date "2019.07.09"]
[Round "7.32"]
[White "Barria Zuniga, Daniel"]
[Black "Labussiere, Victor"]
[Result "1-0"]
[WhiteElo "2379"]
[BlackElo "2194"]
[EventDate "2019.07.05"]
[PlyCount "65"]
[EventRounds "11"]
[EventCountry "BRA"]

1.d4 Nf6 2.c4 g6 3.Nc3 Bg7 4.e4 d6 5.Nf3 O-O 6.Be2 e5 7.d5 a5 8.Bg5 h6 9.
Bh4 Qe8 10.Nd2 Na6 11.O-O Bd7 12.b3 Nh7 13.a3 f5 14.f3 h5 15.Rb1 Bh6 16.b4
Be3+ 17.Bf2 Bxf2+ 18.Rxf2 axb4 19.axb4 f4 20.c5 dxc5 21.Bxa6 Rxa6 22.b5 
Raf6 23.Nc4 g5 24.b6 c6 25.Na5 Qc8 26.dxc6 Bxc6 27.Nd5 R6f7 28.Nc7 Rd8 29.
Rd2 Rxd2 30.Qxd2 Rd7 31.Qa2+ Kh8 32.Nxc6 bxc6 33.b7 1-0

[Event "XIV American Continental"]
[Site "Sao Paulo BRA"]
[Date "2019.07.09"]
[Round "7.33"]
[White "Abrantes, Tiago Garrido"]
[Black "Gemy, Jose Daniel"]
[Result "0-1"]
[WhiteElo "2177"]
[BlackElo "2371"]
[EventDate "2019.07.05"]
[PlyCount "66"]
[EventRounds "11"]
[EventCountry "BRA"]

1.d4 d5 2.c4 e6 3.Nf3 Be7 4.g3 Nf6 5.Bg2 O-O 6.O-O dxc4 7.Qc2 a6 8.Qxc4 b5
9.Qc2 Bb7 10.Bd2 Be4 11.Qc1 Nbd7 12.Ba5 Ra7 13.Nbd2 Bd5 14.Qc2 Qa8 15.b4 
Ne4 16.Rac1 Nxd2 17.Qxd2 Nb6 18.Rfe1 Nc4 19.Rxc4 bxc4 20.Qf4 f5 21.Bf1 Qc6
22.a3 Qa4 23.Qc1 Bf6 24.Ne5 Bxe5 25.dxe5 Qb3 26.Rd1 Rb7 27.e3 Rc8 28.Rd4 
c5 29.Rxc4 Bxc4 30.Qxc4 Qxc4 31.Bxc4 Rc6 32.bxc5 Rb1+ 33.Kg2 Rc1 0-1

[Event "XIV American Continental"]
[Site "Sao Paulo BRA"]
[Date "2019.07.09"]
[Round "7.34"]
[White "Guimaraes, Diogo Duarte"]
[Black "Caetano, Ryan Wesley da Costa"]
[Result "1/2-1/2"]
[WhiteElo "2307"]
[BlackElo "2155"]
[EventDate "2019.07.05"]
[PlyCount "138"]
[EventRounds "11"]
[EventCountry "BRA"]

1.e4 c5 2.Nf3 d6 3.d4 cxd4 4.Nxd4 Nf6 5.Nc3 a6 6.g3 e5 7.Nde2 Be7 8.Bg2 b5
9.Nd5 Bb7 10.Nec3 Nbd7 11.a4 Nxd5 12.Nxd5 Nf6 13.Nxf6+ Bxf6 14.axb5 axb5 
15.Rxa8 Bxa8 16.Qd3 Qd7 17.O-O O-O 18.Bd2 Bc6 19.Bb4 Be7 20.Rd1 Qb7 21.g4 
Qc8 22.h3 Qe6 23.Ra1 h5 24.Ra6 Rc8 25.gxh5 Qh6 26.Qd1 Qg5 27.Bd2 Qf6 28.
Ra7 Ra8 29.Rxa8+ Bxa8 30.Qg4 Qe6 31.f4 Qc4 32.Be3 Bxe4 33.fxe5 Bxg2 34.
Qxc4 bxc4 35.exd6 Bc6 36.dxe7 f6 37.h6 gxh6 38.Bxh6 Kf7 39.Bf8 Be4 40.Bg7 
Kxe7 41.c3 Kf7 42.Bh8 Kg6 43.Kf2 Bd3 44.Ke3 Bf1 45.h4 Bg2 46.Kd4 Bf1 47.
Kd5 Be2 48.Ke6 Bg4+ 49.Ke7 f5 50.Be5 Kh5 51.Bg3 Be2 52.Kf6 Bd3 53.Ke5 Kg4 
54.Be1 f4 55.Kd4 Bf1 56.Kc5 Bd3 57.Kb4 Kf5 58.b3 cxb3 59.Kxb3 Ke5 60.c4 
Kd4 61.Bf2+ Ke4 62.Kc3 Be2 63.c5 Bb5 64.Kb4 Be8 65.Ka5 Kf3 66.Be1 Ke2 67.
Bc3 f3 68.Bd4 f2 69.Bxf2 Kxf2 1/2-1/2

[Event "XIV American Continental"]
[Site "Sao Paulo BRA"]
[Date "2019.07.09"]
[Round "7.35"]
[White "Brito, Luismar"]
[Black "Campelo, Leandro Fabricio"]
[Result "1-0"]
[WhiteElo "2298"]
[BlackElo "2155"]
[EventDate "2019.07.05"]
[PlyCount "183"]
[EventRounds "11"]
[EventCountry "BRA"]

1.Nc3 c5 2.Nf3 Nc6 3.d4 cxd4 4.Nxd4 Nf6 5.Bg5 Qa5 6.Bxf6 gxf6 7.e3 d6 8.
Nb3 Qd8 9.Qh5 a6 10.O-O-O Be6 11.Be2 Bxb3 12.axb3 e6 13.g3 Qc7 14.Kb1 
O-O-O 15.e4 Kb8 16.f4 Rc8 17.Rd2 Nb4 18.Rhd1 f5 19.exf5 Bg7 20.fxe6 fxe6 
21.Rxd6 Bxc3 22.Rd7 Qc6 23.bxc3 Qxc3 24.R1d2 Nxc2 25.Qe5+ Qxe5 26.fxe5 Nb4
27.Bf3 Rc7 28.Kb2 a5 29.Rd8+ Rxd8 30.Rxd8+ Ka7 31.Rd2 h6 32.Bg4 Rc5 33.
Bxe6 Rxe5 34.Bg4 h5 35.Bf3 Re3 36.Bxh5 Nd3+ 37.Kb1 Nc5 38.Ka2 Nxb3 39.Rg2 
b5 40.g4 Nd4 41.g5 Ne6 42.g6 Ng7 43.Bg4 Re8 44.h4 Rh8 45.h5 Kb6 46.Rf2 Rh6
47.Be2 Nxh5 48.Rh2 Rxg6 49.Rxh5 Rg2 50.Rxb5+ Kc6 51.Re5 Kd6 52.Re3 Kd5 53.
Ka3 Kd4 54.Re7 Rg1 55.Bd1 Kc5 56.Rd7 Kc6 57.Rd2 Kc5 58.Ka4 Rg7 59.Bf3 Rf7 
60.Bg2 Rg7 61.Rc2+ Kd4 62.Bf1 Ra7 63.Rc6 Rf7 64.Bb5 Rf2 65.Kxa5 Ra2+ 66.
Kb6 Rb2 67.Rd6+ Ke5 68.Rd1 Rc2 69.Rh1 Rc3 70.Rh4 Rc1 71.Bc4 Ra1 72.Kc5 
Ra5+ 73.Bb5 Ra1 74.Rh8 Rg1 75.Bc4 Ra1 76.Re8+ Kf6 77.Kd6 Rd1+ 78.Bd5 Rd2 
79.Rf8+ Kg7 80.Rf1 Rb2 81.Ke7 Kg6 82.Be6 Rb7+ 83.Kd6 Rb2 84.Bc4 Rb4 85.Bd5
Rb2 86.Be4+ Kg7 87.Ke7 Re2 88.Rg1+ Kh8 89.Rg4 Re1 90.Kf6 Rd1 91.Bf5 Rd6+ 
92.Be6 1-0

[Event "XIV American Continental"]
[Site "Sao Paulo BRA"]
[Date "2019.07.09"]
[Round "7.36"]
[White "Cadilhac, Igor Tokuichi Kikuchi"]
[Black "Barreto, Ignacio C. De Barros"]
[Result "1-0"]
[WhiteElo "2291"]
[BlackElo "2101"]
[EventDate "2019.07.05"]
[PlyCount "113"]
[EventRounds "11"]
[EventCountry "BRA"]

1.e4 e5 2.Nf3 Nc6 3.Nc3 g6 4.d4 exd4 5.Nxd4 Bg7 6.Be3 d6 7.f3 Nf6 8.Qd2 
O-O 9.O-O-O Re8 10.g4 Be6 11.h4 Nxd4 12.Bxd4 c5 13.Bf2 Qa5 14.a3 Red8 15.
g5 Nh5 16.Nd5 Qxd2+ 17.Rxd2 Bxd5 18.Rxd5 Nf4 19.Rd2 Be5 20.Bc4 Rab8 21.Be3
Kg7 22.Rg1 b5 23.Bd5 c4 24.Rg4 c3 25.bxc3 Nxd5 26.Rxd5 Bxc3 27.Rd3 b4 28.
axb4 Bxb4 29.Bxa7 Ra8 30.Bd4+ Kf8 31.h5 Rdc8 32.hxg6 hxg6 33.Rh4 Ke7 34.
Bb2 Rc4 35.Rd4 Rxd4 36.Bxd4 Ke6 37.f4 Ra5 38.Rh8 d5 39.f5+ gxf5 40.Rh6+ 
Ke7 41.exf5 Bc5 42.Bxc5+ Rxc5 43.Rh7 Ke8 44.g6 fxg6 45.fxg6 Kf8 46.Rd7 Kg8
47.Kd2 Kf8 48.Kd3 Kg8 49.c3 Kf8 50.Rf7+ Kg8 51.Rf3 Kg7 52.Kd4 Ra5 53.Rg3 
Ra8 54.Kxd5 Rd8+ 55.Kc4 Rc8+ 56.Kb3 Rb8+ 57.Kc2 1-0

[Event "XIV American Continental"]
[Site "Sao Paulo BRA"]
[Date "2019.07.09"]
[Round "7.38"]
[White "Abdalla, Luiz Guilherme Aurelli"]
[Black "Carvalho, Herbert Abreu"]
[Result "1-0"]
[WhiteElo "2245"]
[BlackElo "2089"]
[EventDate "2019.07.05"]
[PlyCount "63"]
[EventRounds "11"]
[EventCountry "BRA"]

1.d4 Nf6 2.c4 g6 3.Nc3 Bg7 4.e4 d6 5.Nf3 O-O 6.Be2 e5 7.O-O Nc6 8.d5 Ne7 
9.b4 a5 10.bxa5 Rxa5 11.Nd2 Nd7 12.Nb3 Ra8 13.a4 f5 14.a5 Nf6 15.f3 h5 16.
c5 Kh7 17.cxd6 cxd6 18.Be3 Bd7 19.Bb6 Qb8 20.Nd2 Nc8 21.Bf2 Bh6 22.Nc4 
fxe4 23.Nxe4 Nxe4 24.fxe4 Qc7 25.Qb3 Be8 26.Rab1 Rb8 27.Kh1 Rf4 28.Bd3 Qd7
29.Bg3 Rxf1+ 30.Rxf1 Kg7 31.Nxe5 Qa4 32.Qc3 1-0

[Event "XIV American Continental"]
[Site "Sao Paulo BRA"]
[Date "2019.07.09"]
[Round "7.39"]
[White "Martins, Carlos"]
[Black "Silva, Kaua Marques"]
[Result "1-0"]
[WhiteElo "2238"]
[BlackElo "1965"]
[EventDate "2019.07.05"]
[PlyCount "126"]
[EventRounds "11"]
[EventCountry "BRA"]

1.e4 c5 2.Nf3 Nc6 3.Nc3 e5 4.Bc4 d6 5.d3 Be7 6.Nd2 Nf6 7.Nf1 Nd7 8.Ne3 Nb6
9.O-O Bg5 10.Ned5 O-O 11.Nxb6 axb6 12.Nd5 Bxc1 13.Rxc1 Be6 14.a3 Ne7 15.
Ne3 d5 16.exd5 Nxd5 17.Bxd5 Bxd5 18.Qh5 f6 19.Qg4 g6 20.f4 f5 21.Qg3 exf4 
22.Rxf4 Qd7 23.Rcf1 Kh8 24.Rh4 Bf7 25.Rxf5 Rae8 26.Re5 Qd8 27.Rhe4 Qd7 28.
h3 Be6 29.Qe1 Qf7 30.Ng4 Bd7 31.Rxe8 Rxe8 32.Qc3+ Qg7 33.Ne5 Be6 34.Qe1 
Rf8 35.Nxg6+ hxg6 36.Rxe6 Qd4+ 37.Kh1 Kg7 38.Rxb6 Qd5 39.Qe4 Qxe4 40.dxe4 
Rf7 41.Kg1 Kh6 42.c3 Kg5 43.g3 Rd7 44.Kf2 Rd2+ 45.Ke3 Rh2 46.h4+ Kh5 47.
Kf3 Rd2 48.Rxb7 Kh6 49.g4 Rd3+ 50.Kf4 g5+ 51.hxg5+ Kg6 52.Rb6+ Kg7 53.a4 
c4 54.a5 Rd1 55.a6 Ra1 56.Ke5 Kf7 57.g6+ Kg7 58.Kd5 Ra4 59.Kc5 Ra2 60.Kxc4
Ra4+ 61.b4 Kf8 62.Kc5 Ke7 63.g7 Kf7 1-0

[Event "XIV American Continental"]
[Site "Sao Paulo BRA"]
[Date "2019.07.09"]
[Round "7.40"]
[White "Tsuboi, Edson Kenji"]
[Black "Freitas Capiberibe, Andre Antoni"]
[Result "1-0"]
[WhiteElo "2233"]
[BlackElo "2024"]
[EventDate "2019.07.05"]
[PlyCount "37"]
[EventRounds "11"]
[EventCountry "BRA"]

1.e4 c5 2.Nf3 Nc6 3.d4 cxd4 4.Nxd4 g6 5.c4 Bg7 6.Be3 Nf6 7.Nc3 Ng4 8.Qxg4 
Nxd4 9.Qd1 Ne6 10.Be2 Qa5 11.Rc1 b6 12.Qd5 Qxd5 13.cxd5 Nd4 14.Bc4 a6 15.
O-O b5 16.Rfd1 e5 17.dxe6 Nxe6 18.Bd5 Bxc3 19.Rxc3 1-0

[Event "XIV American Continental"]
[Site "Sao Paulo BRA"]
[Date "2019.07.09"]
[Round "7.41"]
[White "Carvalho, Rafael Cunha de"]
[Black "Cherniack, Alex"]
[Result "1/2-1/2"]
[WhiteElo "2096"]
[BlackElo "2231"]
[EventDate "2019.07.05"]
[PlyCount "87"]
[EventRounds "11"]
[EventCountry "BRA"]

1.d4 Nf6 2.c4 e6 3.Nf3 b6 4.g3 Ba6 5.Qc2 Bb7 6.Bg2 c5 7.dxc5 Bxc5 8.O-O 
O-O 9.Nc3 Nc6 10.Bg5 h6 11.Bxf6 Qxf6 12.Ne4 Qe7 13.Nxc5 Qxc5 14.Rac1 b5 
15.cxb5 Qxb5 16.Rfd1 d5 17.e3 Rfc8 18.Qd2 Qb6 19.b3 a5 20.Rc3 a4 21.Rdc1 
axb3 22.Rxb3 Qd8 23.h4 Ba6 24.Rbc3 Bc4 25.Bf1 Bxf1 26.Kxf1 Ne7 27.Rxc8 
Nxc8 28.Nd4 Nd6 29.Rc2 Qa5 30.Qe2 Qa4 31.Kg2 Nc4 32.Qd3 Rb8 33.Nb3 Qa3 34.
Qd4 Qa8 35.Kh2 Nd6 36.Qf4 Nc4 37.Qd4 Nd6 38.Qf4 Nc4 39.Qd4 Nd6 40.Qf4 Nc4 
41.Qd4 Nd6 42.Qf4 Nc4 43.Qd4 Nd6 44.Qf4 1/2-1/2

[Event "XIV American Continental"]
[Site "Sao Paulo BRA"]
[Date "2019.07.09"]
[Round "7.42"]
[White "Urquiza, Marcello de Albuquerque"]
[Black "Fernandez, Maria Florencia"]
[Result "0-1"]
[WhiteElo "2043"]
[BlackElo "2220"]
[EventDate "2019.07.05"]
[PlyCount "73"]
[EventRounds "11"]
[EventCountry "BRA"]

1.e4 c5 2.Nf3 d6 3.d4 cxd4 4.Qxd4 Nc6 5.Bb5 Bd7 6.Bxc6 Bxc6 7.Nc3 Nf6 8.
Bg5 h6 9.Bh4 g5 10.Bg3 Bg7 11.Qd3 O-O 12.O-O-O Qa5 13.Nd4 Rac8 14.Nf5 Rfe8
15.Nxg7 Kxg7 16.h4 g4 17.f3 Bd7 18.Rhe1 Rc5 19.Bf2 Rc6 20.Bd4 e5 21.Be3 
Rec8 22.Bd2 b5 23.Qe3 Ng8 24.Kb1 Be6 25.Nd5 Qa4 26.b3 Qa3 27.Bc1 Qc5 28.
Qxc5 dxc5 29.Bb2 f6 30.f4 exf4 31.Nxf4 Kf7 32.e5 c4 33.Nxe6 Rxe6 34.Rd7+ 
Kg6 35.Bd4 a6 36.Rd6 Rce8 37.bxc4 0-1

[Event "XIV American Continental"]
[Site "Sao Paulo BRA"]
[Date "2019.07.09"]
[Round "7.43"]
[White "Sanches Casanova, Romario"]
[Black "Terao, Juliana Sayumi"]
[Result "1/2-1/2"]
[WhiteElo "2014"]
[BlackElo "2213"]
[EventDate "2019.07.05"]
[PlyCount "85"]
[EventRounds "11"]
[EventCountry "BRA"]

1.e4 c5 2.Nc3 e6 3.g3 Nc6 4.Bg2 g6 5.d3 Bg7 6.Be3 d6 7.Qd2 a6 8.Nge2 Nd4 
9.O-O Ne7 10.f4 O-O 11.Nd1 d5 12.Nxd4 cxd4 13.Bf2 dxe4 14.dxe4 e5 15.c3 
dxc3 16.Qxd8 Rxd8 17.Nxc3 Be6 18.Rfd1 exf4 19.gxf4 Bg4 20.Rxd8+ Rxd8 21.e5
b5 22.a3 Rd2 23.Ne4 Rxb2 24.Nf6+ Bxf6 25.exf6 Nf5 26.h3 Be2 27.Re1 h5 28.
Bf1 Bxf1 29.Re8+ Kh7 30.Kxf1 Rb3 31.Rf8 Nh6 32.Kg2 Rxa3 33.Bh4 Nf5 34.Bg5 
Rg3+ 35.Kf2 Rxh3 36.Rxf7+ Kg8 37.Ra7 Re3 38.Rxa6 Kf8 39.Ra7 Ke8 40.Ra8+ 
Kf7 41.Ra7+ Kf8 42.Ra8+ Kf7 43.Ra7+ 1/2-1/2

[Event "XIV American Continental"]
[Site "Sao Paulo BRA"]
[Date "2019.07.09"]
[Round "7.44"]
[White "Aranha Filho, Alvaro Zimmermann"]
[Black "Araujo, Jose Roberto"]
[Result "1/2-1/2"]
[WhiteElo "2320"]
[BlackElo "2079"]
[EventDate "2019.07.05"]
[PlyCount "130"]
[EventRounds "11"]
[EventCountry "BRA"]

1.d4 Nf6 2.c4 g6 3.Nc3 Bg7 4.e4 d6 5.Be2 O-O 6.Bg5 h6 7.Be3 e5 8.d5 a5 9.
g4 Na6 10.h4 Nc5 11.f3 Ne8 12.h5 f5 13.hxg6 f4 14.Bf2 Qg5 15.Qc2 Qxg6 16.
O-O-O Nf6 17.Nh3 Nh7 18.Kb1 b6 19.Rdg1 Ng5 20.Nxg5 hxg5 21.Bxc5 bxc5 22.
Bd1 Bd7 23.Qh2 a4 24.a3 Rfb8 25.Ka1 Ra5 26.Bc2 Kf7 27.Qd2 Rba8 28.Rh5 Kf6 
29.Rgh1 Be8 30.Rh7 Ke7 31.R1h6 Qxh6 32.Rxh6 Bxh6 33.Qh2 Bg7 34.Qh7 Kf7 35.
Ne2 Bd7 36.Qh5+ Kf6 37.Qh1 Rh8 38.Qd1 Ke7 39.Nc3 Rha8 40.Nb5 Bxb5 41.cxb5 
Kd7 42.Kb1 Bf6 43.Qh1 Rh8 44.Qe1 Rha8 45.Bd3 Bg7 46.Qe2 Ke7 47.b6 cxb6 48.
Bb5 Bf6 49.Qc4 Bg7 50.b3 axb3 51.a4 Kd8 52.Bc6 Rb8 53.Kb2 Ke7 54.Kxb3 Rh8 
55.Qf1 Bf6 56.Kc3 Bg7 57.Qd1 Bf6 58.Qb3 Bg7 59.Qd1 Bf6 60.Qf1 Bg7 61.Kb3 
Bf6 62.Qg2 Bg7 63.Qf1 Bf6 64.Qg2 Bg7 65.Qf1 Bf6 1/2-1/2

[Event "XIV American Continental"]
[Site "Sao Paulo BRA"]
[Date "2019.07.09"]
[Round "7.45"]
[White "Caceres Vasquez, Sergio"]
[Black "Bouwman, Marcelo Wanderley"]
[Result "1/2-1/2"]
[WhiteElo "2081"]
[BlackElo "2234"]
[EventDate "2019.07.05"]
[PlyCount "108"]
[EventRounds "11"]
[EventCountry "BRA"]

1.d4 Nf6 2.c4 g6 3.Nc3 Bg7 4.e4 d6 5.f4 O-O 6.Nf3 c5 7.d5 e6 8.Be2 exd5 9.
cxd5 Bg4 10.O-O Nbd7 11.h3 Bxf3 12.Bxf3 Re8 13.g4 h6 14.h4 Nh7 15.g5 a6 
16.Kg2 b5 17.Rh1 b4 18.Ne2 a5 19.Ng3 hxg5 20.hxg5 Ndf8 21.Qc2 Ra7 22.Be3 
f6 23.gxf6 Bxf6 24.Rag1 Rg7 25.Kf1 Bd4 26.Bxd4 cxd4 27.Qd3 Qf6 28.Ne2 g5 
29.Qxd4 gxf4 30.Rxg7+ Kxg7 31.Rg1+ Kh8 32.Rg4 Rc8 33.Rxf4 Rc1+ 34.Kf2 
Qxd4+ 35.Nxd4 Rb1 36.b3 Rb2+ 37.Ke3 Rxa2 38.Rf7 a4 39.bxa4 Rxa4 40.Rb7 Ng6
41.Bg4 Ra3+ 42.Kf2 Nf6 43.Bf5 Ra2+ 44.Ke3 Ra3+ 45.Kd2 Ne5 46.Rxb4 Nf3+ 47.
Nxf3 Rxf3 48.Rb6 Nxd5 49.Rxd6 Ne7 50.Bd7 Kg7 51.e5 Ng6 52.e6 Kf6 53.Ra6 
Ke7 54.Ra8 Nf8 1/2-1/2

[Event "XIV American Continental"]
[Site "Sao Paulo BRA"]
[Date "2019.07.09"]
[Round "7.46"]
[White "Takano, Nicholas Ryo"]
[Black "Gasic Merino, Franco"]
[Result "1/2-1/2"]
[WhiteElo "2077"]
[BlackElo "2226"]
[EventDate "2019.07.05"]
[PlyCount "123"]
[EventRounds "11"]
[EventCountry "BRA"]

1.e4 d5 2.exd5 Nf6 3.d4 Bg4 4.Nf3 Qxd5 5.Be2 Nc6 6.Nc3 Qf5 7.h3 Bxf3 8.
Bxf3 O-O-O 9.Bxc6 Qe6+ 10.Be3 Qxc6 11.Qf3 Qxf3 12.gxf3 e6 13.Ke2 Be7 14.
Rhg1 g6 15.Rad1 Rd7 16.Ne4 Rhd8 17.c3 Nh5 18.Ng3 Rd5 19.b3 Ng7 20.Bh6 Nf5 
21.Be3 Nh4 22.Ne4 Rf5 23.Rg3 Ra5 24.a4 Rf8 25.Bh6 Re8 26.Bg5 Nf5 27.Rgg1 
h6 28.Bxe7 Rxe7 29.Nf6 Nd6 30.Ng8 Re8 31.Nxh6 Rh5 32.Ng4 Rxh3 33.Ne5 Reh8 
34.Rg4 R8h5 35.c4 Rf5 36.c5 Ne8 37.Rg3 Rh4 38.Rgg1 Nf6 39.Rh1 Rxh1 40.Rxh1
Nh5 41.Ke3 c6 42.Nc4 Kb8 43.Nd6 Rf6 44.b4 a6 45.Rh4 e5 46.dxe5 Re6 47.Re4 
Re7 48.a5 g5 49.Kd4 Nf4 50.Kc4 Kc7 51.Re1 f6 52.Rh1 fxe5 53.Rh8 Ng6 54.
Rc8+ Kd7 55.Rb8 Ke6 56.Kd3 Kd5 57.Nxb7 Nf4+ 58.Kd2 Ne6 59.Nd6 Rh7 60.Ne4 
Rh1 61.Nf6+ Kc4 62.Nd7 1/2-1/2